02076nam a22003374a 4500001001200000003000800012006001900020007001500039008004100054010001700095020002800112020003100140040002100171035002100192050002500213082001700238100001800255245011900273246004600392260005800438300005600496504005100552505074400603533015201347650003201499655002901531700001501560700002001575710001701595856012601612ebr10193765CaPaEBRm u cr cn|||||||||060802s2007 enkaf sb 001 0 eng  z 2006025114 z1845931297 (alk. paper) z9781845931292 (alk. paper) aCaPaEBRcCaPaEBR a(OCoLC)56783701014aSB608.C6bW35 2007eb04a633.7/392221 aWaller, J. M.10aCoffee pests, diseases and their managementh[electronic resource] /cby J.M. Waller, M. Bigger and R.J. Hillocks.14aCoffee pests, diseases & their management aWallingford, UK ;aCambridge, MA :bCABI Pub.,c2007. aviii, 434 p., [8] p. of plates :bill. (some col.). aIncludes bibliographical references and index.0 aCoffee as a crop and commodity -- The basics of the coffee crop -- World coffee production -- Insect pests and their management -- Stem- and branch-borers -- Berry-feeding insects -- Insects that feed on buds, leaves, green shoots and flowers -- Root- and collar-feeding insects -- Diseases and their management -- Foliage and shoot diseases -- Berry diseases -- Wilt diseases and diseases of the root and stem -- Nematodes -- Nutrient deficiencies and physiological diseases -- Integrated crop management -- Nursery management, transplantation and crop maintenance -- Shade management, conservation and biodiversity -- Postharvest and processing pests and microbial problems -- Integrated pest management and pest management technologies. aElectronic reproduction.bPalo Alto, Calif. :cebrary,d2013.nAvailable via World Wide Web.nAccess may be limited to ebrary affiliated libraries. 0aCoffeexDiseases and pests. 7aElectronic books.2local1 aBigger, M.1 aHillocks, R. J.2 aebrary, Inc.40uhttp://site.ebrary.com/lib/rucke/Doc?id=10193765zAn electronic book accessible through the World Wide Web; click to view